| 000 | 01220cam a2200301 4500 | ||
|---|---|---|---|
| 008 | 020930n2002 000 0 eng u | ||
| 020 | _a1903208475 | ||
| 035 | _a(Sirsi) u119924 | ||
| 041 | _aeng. | ||
| 050 | _a711.52 | ||
| 100 | _aRowe, S. | ||
| 110 |
_aHACAS Chapman Hendy _94363 |
||
| 245 | _aBeyond bricks and mortar : bringing regeneration into stock transfer | ||
| 260 |
_aCoventry _bChartered Institute of Housing _c2002 |
||
| 300 |
_a64p. _c31cm. |
||
| 350 | _a15 | ||
| 520 | _aHousing stock transfer is seen by government as having a key role to play in achieving the regeneration of deprived neighbourhoods. This study examines the experience of three Registered Social Landlords (RSLs) that are playing a central role in the regeneration of neighbourhoods: Partington Housing Association (part of the Harvest Group) in Trafford, Poplar HARCA in Tower Hamlets and Optima Community Association in Birmingham. | ||
| 650 | _aSTOCK TRANSFER | ||
| 650 | _aHOUSING | ||
| 650 | _aREGISTERED SOCIAL LANDLORDS | ||
| 650 | _aDEPRIVED AREAS | ||
| 650 | _aURBAN AREAS | ||
| 650 | _aSOCIAL HOUSING | ||
| 690 | _aREGENERATION | ||
| 700 | _aZitron, J. | ||
| 700 |
_aPerry, J. _xEditor |
||
| 942 | _n0 | ||
| 999 |
_c102451 _d102451 |
||